| 000 | 01085 am a22003253u 4500 | ||
|---|---|---|---|
| 999 |
_c28839 _d28810 |
||
| 001 | 007013834 | ||
| 003 | EG-ScBUE | ||
| 005 | 20200927104745.0 | ||
| 008 | 750607t1974 nyuab f bd 001 0 eng d | ||
| 020 | _a0060420510 | ||
| 040 |
_aUk _beng _erda _cUk _dEG-ScBUE |
||
| 082 | 0 | 4 |
_a304.2 _bFIE _222 |
| 100 | 1 |
_aFielding, Gordon J. _q(Gordon John), _d1934- _eauthor. |
|
| 245 | 1 | 0 |
_aGeography as social science / _cGordon J. Fielding, University of California, Irvine. |
| 250 | _aInternational edition. | ||
| 264 | 1 |
_aNew York : _bHarper & Row Publishers, _c[1974] |
|
| 264 | 4 | _cc1974 | |
| 300 |
_axvi, 336 pages : _billustrations, maps ; _c25 cm |
||
| 336 |
_atext _2rdacontent _btxt |
||
| 337 |
_aunmediated _2rdamedia _bn |
||
| 338 |
_avolume _2rdacarrier _bnc |
||
| 500 | _aCol. maps on lining papers. | ||
| 500 | _aIncludes glossary. | ||
| 504 | _aIncludes bibliographical references and index. | ||
| 650 | 7 |
_aHuman geography. _2BUEsh |
|
| 650 | 7 |
_aSocial sciences _xTextbooks. _2BUEsh |
|
| 653 |
_bHHUUEENN _cSeptember2020 |
||
| 655 |
_vReading book _934232 |
||
| 942 |
_2ddc _cBB |
||